| 000 | 01242nam a2200289Ii 4500 | ||
|---|---|---|---|
| 001 | dehydratingforfo00pete | ||
| 003 | CaSfIA | ||
| 005 | 20210118001559.0 | ||
| 007 | cr|||| | ||
| 008 | 780320s1976 waua 000 0 eng d | ||
| 040 |
_aFXG _cFXG _dCaSfIA |
||
| 035 | _a(OCoLC)3733845 | ||
| 082 | 4 | _a641.44 | |
| 090 |
_aTX609 _b.P46 |
||
| 100 | 1 | _aPeterson, Una Jean W. | |
| 245 | 1 | 0 |
_aDehydrating : _h[electronic resource] _bfor food and fun / _cUna Jean W. Peterson. |
| 260 |
_aMarysville, Wash. : _bGolden Sun Productions, _cc1976. |
||
| 300 |
_axii, 103 p. : _bill. ; _c22 cm. |
||
| 650 | 0 |
_aFood _xDrying. |
|
| 650 | 0 | _aDried foods. | |
| 650 | 0 | _aCookery (Dried foods) | |
| 856 | 4 | 1 |
_uhttp://www.archive.org/details/dehydratingforfo00pete _zFree eBook from the Internet Archive |
| 856 | 4 | 2 |
_uhttp://www.openlibrary.org/books/OL24204943M _zAdditional information and access via Open Library |
| 942 | _cEB | ||
| 506 | _fНеобхідна авторизація на https://archive.org/ (створення облікового запису безкоштовно) | ||
| 506 | _fНеобхідна авторизація на https://openlibrary.org/ (створення облікового запису безкоштовно) | ||
| 999 |
_c487624 _d487624 |
||